| 000 | 00418nab a2200145Ia 4500 | ||
|---|---|---|---|
| 003 | ES-SlBCS | ||
| 005 | 20210601125141.0 | ||
| 008 | 140529s2004 xxu||||| |||| 00| 0 eng d | ||
| 041 | _aeng | ||
| 100 | 1 |
_aNowacka, Maria _9154535 |
|
| 245 | 0 | 0 |
_aIs Transplantational Surgery Essentially Immoral? _c Maria Nowacka |
| 650 | 0 | 4 |
_aTrasplante _9154536 |
| 773 | 0 |
_tParerga _gnº. 1, 2004, págs. 107-122 _wRev1522 |
|
| 942 | _cAR | ||
| 999 |
_c525564 _d525564 |
||